Statistics for Назови столицу по флагу и территории

Click here to take the quiz!

General Stats

  • This quiz has been taken 219 times
  • The average score is 36 of 144

Answer Stats

Answer% Correct
Москва
95%
Рим
89%
Бразилиа
87%
Нью-Дели
84%
Каир
84%
Афины
83%
Киев
80%
Вашингтон
79%
Лондон
74%
Мехико
74%
Пекин
71%
Минск
69%
Париж
66%
Мадрид
66%
Осло
64%
Прага
63%
Оттава
62%
Канберра
55%
Берлин
55%
Загреб
53%
Буэнос-Айрес
52%
Тегеран
52%
Стокгольм
49%
Анкара
47%
Ереван
46%
Белград
40%
Варшава
40%
Сингапур
40%
Бухарест
40%
Кишинёв
39%
Токио
39%
Эр-Рияд
39%
Берн
39%
Панама
37%
Веллингтон
36%
Алжир
36%
Исламабад
35%
Брюссель
35%
Исламабад
35%
Подгорица
35%
Лиссабон
35%
Монтевидео
35%
Ташкент
34%
Сеул
32%
Рейкьявик
31%
Тунис
31%
Баку
31%
Лима
30%
Тирана
29%
Джакарта
26%
Тбилиси
26%
Катманду
25%
Бейрут
25%
Таллин
24%
Монако
24%
Сантьяго
24%
Претория
23%
Астана
23%
Ватикан
22%
Дублин
22%
Кабул
21%
Манила
21%
Пхеньян
19%
Доха
19%
Багдад
19%
Вена
19%
Рабат
19%
Сараево
19%
Кингстон
18%
Гавана
17%
Рига
16%
София
16%
Каракас
16%
Ханой
15%
Киншаса
15%
Дакка
15%
Бандар-Сери-Бегаван
15%
Дакка
15%
Любляна
14%
Амстердам
14%
Бангкок
14%
Нуакшот
14%
Братислава
14%
Скопье
13%
Вильнюс
13%
Ниамей
13%
Монровия
13%
Люксембург
12%
Могадишо
12%
Шри-Джаяварденепура-Котте
10%
Дамаск
10%
Порт-Морсби
10%
Сан-Хосе
10%
Джорджтаун
10%
Триполи
9%
Нассау
9%
Луанда
9%
Порт-оф-Спейн
9%
Маскат
9%
Додома
9%
Лусака
8%
Богота
8%
Порт-о-Пренс
8%
Уагадугу
8%
Кито
8%
Бриджтаун
8%
Куала-Лумпур
7%
Апиа
7%
Пномпень
6%
Антананариву
6%
Мбабане
6%
Розо
5%
Асунсьон
5%
Нджамена
5%
Аккра
5%
Нгерулмуд
5%
Мале
5%
Порто-Ново
5%
Гитега
5%
Хониара
4%
Абуджа
4%
Хартум
4%
Аддис-Абеба
4%
Санто-Доминго
4%
Габороне
4%
Сува
4%
Банжул
4%
Мапуту
3%
Сент-Джорджес
3%
Сан-Сальвадор
3%
Лилонгве
2%
Ломе
2%
Масеру
2%
Прая
2%
Бельмопане
1%
Ярен
1%
Ясмусукро
1%
Сент-Люсии-Кастри
1%
Порт-Виила
1%
Парамарибо
1%
Вьетьян
1%
Либервилль
1%
Сент-Джонс
0%
Найорби
0%

Score Distribution

Percentile by Number Answered

Percent of People with Each Score

Your Score History

You have not taken this quiz